000 00272nam a2200109Ia 4500
008 200302s9999 xx 000 0 und d
100 _aAuthor
245 _aWinning Shopping Center Designs No 4
260 _bRetail Reporting Corporation
260 _c1997
300 _a140 P.,
999 _c2048
_d2048